Top 10 Wolverhampton Wanderers Premier League Most Assists - Statistics

General Stats
  • This quiz has been taken 116 times
    19 since last reset
  • The average score is 7 of 11
Answer Stats
Player Assists % Correct
Rúben Neves 9
100%
João Moutinho 18
94%
Raúl Jiménez 18
89%
Matheus Cunha 13
78%
Adama Traoré 13
72%
Pedro Neto 19
67%
Matt Doherty 9
50%
Rayan Aït Nouri 11
50%
Kevin Doyle 13
33%
Pablo Sarabia 9
33%
Matt Jarvis 13
22%
No matching quizzes found
Score Distribution
Percent of People with Each Score
Percentile by Number Answered
Your Score History
You have not taken this quiz since the last reset